Mozgókép- és médiaismeret tantárgy oktatása Budapest általános és középiskoláiban
Elmentve itt :
| Szerző: | |
|---|---|
| További közreműködők: | |
| Dokumentumtípus: | Szakdolgozat |
| Megjelent: |
2005
|
| Tárgyszavak: | |
| Online Access: | http://diploma.bibl.u-szeged.hu/40639 |
| LEADER | 00596nta a2200157 i 4500 | ||
|---|---|---|---|
| 001 | dipl40639 | ||
| 005 | 20130507112325.0 | ||
| 008 | 130507s2005 hu om 0|| zxx d | ||
| 040 | |a SZTE Diploma Repozitórium |b hun | ||
| 041 | |a zxx | ||
| 100 | 1 | |a Lőrinczi Enikő | |
| 245 | 1 | 0 | |a Mozgókép- és médiaismeret tantárgy oktatása Budapest általános és középiskoláiban |h [elektronikus dokumentum] / |c Enikő Lőrinczi |
| 260 | |c 2005 | ||
| 650 | 4 | |a Bölcsészettudományok | |
| 700 | 1 | |a Mayer József |e ths | |
| 856 | 4 | 0 | |u http://diploma.bibl.u-szeged.hu/id/eprint/40639/1/2005_lorinczi_eniko.pdf |z Dokumentum-elérés |